01377nam a2200217Ia 4500952010500000999001700105008004100122020001500163050001700178100004300195245010500238260007800343300002700421490003700448500008200485505040000567519009500967650004101062650004401103942001201147 00104070a04b04d2012-01-12l8oLA421.4 G65p04 003848r2017-09-27s2017-09-27t1w2012-06-24yLB c63027d63027120625s19902008mx 000 0 esp d a968120441714aLA421.4bG651 aGonzalbo Aizpuru, Pilar, 1935-eautora10aHistoria de la educación en la época colonial b: El mundo indígena c/ Pilar Gonzalbo Aizpuru aMéxico b: Colegio de Méxicob: Centro de Estudios Históricosc1990 a274 páginasc; 22 cm aSerie historia de la educación aIncluye: Bibliografía (pp. 247 - 264) Índice onomástico (pp. 265 - 274)1 aMundo indígena Sistema colonial Sumisión y trabajo Comunicación Segregación Misión docente de la Iglesia novohispana Los estudios para indios en el colegio de Tlatelolco Analfabetos y letrados Nuevos colegios para caciques La educación lejos de los centros urbanos Una presencia indeseada: Los mestizos en La Nueva España La educación sin escuelas Educación y orden colonial aPlan Flexible /bPedagogía /cHistoria De La Educación Mexicana I (B13) /d(04 003848)10aHISTORIA DE LA EDUCACIÓNzMÉXICO20aEDUCACIÓNxÉPOCA COLONIALzMÉXICO 2lcccLB